00474 a2200169 450000100060000002000250000604000240003110000220005524000270007724500220010430000100012636200090013665000310014594200070017695201040018399900170028747191 a9788598553429broch.) cAnchieta - Aquarius aCedraz, Antônio10aA Turma do Xaxadolpor10aA Turma do Xaxado a15p. 0 a2013 4aLiteratura infanto-juvenil cBK 00104070a87.1b87.1d2023-11-21l0o028.5 CED TURp5632/AQUr2023-11-21 15:13:59w2023-11-21yBK c47191d47191